[Event "5. Open Memorial Pedro Lezcano 2012"]
[Site "Gran Canaria ESP"]
[Date "2012.04.05"]
[Round "5.41"]
[White "Garcia Cruz, Jose Manuel"]
[Black "Quiza Vazquez, Carolina"]
[Result "0-1"]
[WhiteElo "1408"]
[BlackElo "1612"]
[PlyCount "68"]
[EventDate "2012.04.02"]
[EventType "swiss"]
[EventRounds "9"]
[EventCountry "ESP"]
[Source "lmi"]
[SourceDate "2012.04.02"]

1. e4 c6 2. d4 d5 3. exd5 cxd5 4. Nf3 Bg4 5. Be2 Nc6 6. c3 Qc7 7. O-O e6 8. Re1
Bd6 9. g3 Nf6 10. Nbd2 O-O 11. Nh4 Bxe2 12. Qxe2 Rfe8 13. Ndf3 Ne4 14. c4 Bb4
15. Rd1 Be7 16. Rd3 dxc4 17. Re3 Nd6 18. b3 cxb3 19. Rxb3 Qa5 20. Qd1 Qh5 21.
Bf4 Na5 22. Rd3 Nac4 23. Rb3 Nb6 24. Rc1 Rec8 25. Rbc3 Rxc3 26. Rxc3 Ndc4 27.
Ng2 Qd5 28. Ne3 Nxe3 29. fxe3 Qxa2 30. Rc7 Nd5 31. Rc2 Qa5 32. e4 Nxf4 33. gxf4
Rd8 34. Rc7 Qxc7 0-1

[Event "5. Open Memorial Pedro Lezcano 2012"]
[Site "Gran Canaria ESP"]
[Date "2012.04.05"]
[Round "5.42"]
[White "Salazar De La Cruz, Jose Maria"]
[Black "Guedes Lopez, Mario"]
[Result "1-0"]
[WhiteElo "1769"]
[BlackElo "1476"]
[PlyCount "109"]
[EventDate "2012.04.02"]
[EventType "swiss"]
[EventRounds "9"]
[EventCountry "ESP"]
[Source "lmi"]
[SourceDate "2012.04.02"]

1. e4 c6 2. d4 d5 3. Nc3 e6 4. a3 dxe4 5. Nxe4 Nf6 6. Bg5 Be7 7. Bxf6 Bxf6 8.
Nf3 b6 9. c3 Ba6 10. Bxa6 Nxa6 11. Qa4 Nb8 12. O-O b5 13. Qc2 Nd7 14. Nd6+ Kf8
15. Rfe1 g6 16. Rad1 Kg7 17. Ne5 Bxe5 18. dxe5 Qe7 19. Qe4 c5 20. Rd2 a6 21.
Red1 Nb6 22. Qc6 Nc4 23. Qxc5 Nxd6 24. exd6 Qd7 25. Re1 Rhc8 26. Qe5+ Kg8 27.
Qf6 Re8 28. Re3 Qd8 29. Qf3 Rb8 30. Rdd3 Rb6 31. Qf4 Qd7 32. Rh3 f5 33. Qe5 Rd8
34. Rdg3 Qf7 35. Rd3 Qd7 36. Rh4 Rxd6 37. Rxh7 Qxh7 38. Rxd6 Rxd6 39. Qxd6 Qf7
40. Qxa6 Qd7 41. h3 Qd1+ 42. Kh2 Qe2 43. Qa8+ Kh7 44. Qa7+ Kg8 45. Qe3 Qc4 46.
Qh6 Qc7+ 47. Kh1 Qf7 48. b3 e5 49. c4 bxc4 50. bxc4 Qf6 51. h4 e4 52. h5 Qh4+
53. Kg1 Qxh5 54. Qxh5 gxh5 55. a4 1-0

[Event "5. Open Memorial Pedro Lezcano 2012"]
[Site "Gran Canaria ESP"]
[Date "2012.04.05"]
[Round "5.44"]
[White "Roque Hernandez, Francisco"]
[Black "Quevedo Sarmiento, Jacinto"]
[Result "0-1"]
[WhiteElo "1587"]
[BlackElo "2000"]
[PlyCount "44"]
[EventDate "2012.04.02"]
[EventType "swiss"]
[EventRounds "9"]
[EventCountry "ESP"]
[Source "lmi"]
[SourceDate "2012.04.02"]

1. d4 Nf6 2. c4 c5 3. d5 b5 4. Nc3 g6 5. Nxb5 d6 6. e3 Bg7 7. Bd3 O-O 8. Ne2
Nbd7 9. f4 a6 10. Nbc3 Re8 11. e4 Nb6 12. Ng3 e5 13. fxe5 Rxe5 14. O-O Bg4 15.
Qe1 Nh5 16. h3 Bc8 17. Qf2 Ra7 18. b3 Nxg3 19. Qxg3 Rh5 20. Bd2 Re7 21. Rae1
Be5 22. Qe3 Bd4 0-1

[Event "5. Open Memorial Pedro Lezcano 2012"]
[Site "Gran Canaria ESP"]
[Date "2012.04.06"]
[Round "6.1"]
[White "Del Rio De Angelis, Salvador G"]
[Black "Barlov, Dragan"]
[Result "1/2-1/2"]
[WhiteElo "2533"]
[BlackElo "2443"]
[PlyCount "35"]
[EventDate "2012.04.02"]
[EventType "swiss"]
[EventRounds "9"]
[EventCountry "ESP"]
[Source "lmi"]
[SourceDate "2012.04.02"]

1. d4 Nf6 2. c4 c5 3. d5 g6 4. Nc3 d6 5. e4 Bg7 6. Nf3 O-O 7. Be2 e6 8. O-O Re8
9. Nd2 Na6 10. Kh1 Nc7 11. a4 e5 12. Rg1 Rf8 13. Nf1 Nfe8 14. g4 Bd7 15. Ra3
Na6 16. Nb5 Nb4 17. Rag3 f6 18. Nc3 1/2-1/2

[Event "5. Open Memorial Pedro Lezcano 2012"]
[Site "Gran Canaria ESP"]
[Date "2012.04.06"]
[Round "6.2"]
[White "Hernando Rodrigo, Jose Maria"]
[Black "Kurajica, Bojan"]
[Result "0-1"]
[WhiteElo "2326"]
[BlackElo "2548"]
[PlyCount "76"]
[EventDate "2012.04.02"]
[EventType "swiss"]
[EventRounds "9"]
[EventCountry "ESP"]
[Source "lmi"]
[SourceDate "2012.04.02"]

1. d4 Nf6 2. c4 e6 3. Nf3 b6 4. g3 Ba6 5. Qb3 d5 6. cxd5 exd5 7. Nc3 Be7 8. Bg5
Bb7 9. Bg2 O-O 10. O-O h6 11. Bxf6 Bxf6 12. Rfd1 Re8 13. Ne5 c6 14. f4 Na6 15.
e4 Bxe5 16. fxe5 c5 17. Nb5 cxd4 18. Nd6 Nc5 19. Qf3 Qd7 20. Nxe8 dxe4 21. Nf6+
gxf6 22. Qxf6 d3 23. Qxh6 Qd4+ 24. Kh1 Qxe5 25. Rf1 Qxb2 26. Rad1 Qg7 27. Qe3
Re8 28. Rf5 Re5 29. Rdf1 Rxf5 30. Rxf5 Ne6 31. Bxe4 d2 32. Rf1 Qe5 33. Kg1 Ng5
34. h4 Nxe4 35. Kh2 Qd5 36. Qf4 Nf6 37. Qg5+ Qxg5 38. hxg5 Ng4+ 0-1

[Event "5. Open Memorial Pedro Lezcano 2012"]
[Site "Gran Canaria ESP"]
[Date "2012.04.06"]
[Round "6.3"]
[White "Vega Gutierrez, Sabrina"]
[Black "Herraiz Hidalgo, Herminio"]
[Result "0-1"]
[WhiteElo "2323"]
[BlackElo "2485"]
[PlyCount "87"]
[EventDate "2012.04.02"]
[EventType "swiss"]
[EventRounds "9"]
[EventCountry "ESP"]
[Source "lmi"]
[SourceDate "2012.04.02"]

1. e4 c5 2. Nf3 Nc6 3. d4 cxd4 4. Nxd4 g6 5. Nc3 Bg7 6. Be3 Nf6 7. Bc4 d6 8. h3
O-O 9. O-O Bd7 10. Bb3 a6 11. a4 Rc8 12. Re1 Na5 13. Qd3 e5 14. Nf3 Nxb3 15.
cxb3 Be6 16. b4 d5 17. exd5 Nxd5 18. Ng5 Nxe3 19. Qxd8 Rfxd8 20. Nxe6 fxe6 21.
Rxe3 Rd2 22. Rb1 Rc4 23. b5 axb5 24. axb5 Rc2 25. Ra1 Rxb2 26. Ra8+ Bf8 27. Rb8
Rb3 28. Rf3 Rf4 29. Ne4 Rxb5 30. Nd6 Rb6 31. Nc4 Rb1+ 32. Kh2 Rxf3 33. gxf3 Kg7
34. Kg2 Bc5 35. Rc8 Bd4 36. Rc7+ Kf8 37. Nd6 b5 38. Rxh7 b4 39. Rf7+ Kg8 40.
Rf6 b3 41. Nc4 b2 42. Nxb2 Rxb2 43. Rxe6 Kf7 44. Ra6 0-1

[Event "5. Open Memorial Pedro Lezcano 2012"]
[Site "Gran Canaria ESP"]
[Date "2012.04.06"]
[Round "6.4"]
[White "Vera Gonzalez-Quevedo, Reynaldo"]
[Black "Espinosa Aranda, Angel"]
[Result "1/2-1/2"]
[WhiteElo "2482"]
[BlackElo "2399"]
[PlyCount "67"]
[EventDate "2012.04.02"]
[EventType "swiss"]
[EventRounds "9"]
[EventCountry "ESP"]
[Source "lmi"]
[SourceDate "2012.04.02"]

1. d4 d5 2. c4 c6 3. Nc3 Nf6 4. e3 g6 5. Nf3 Bg7 6. cxd5 cxd5 7. Bb5+ Nc6 8.
Ne5 Qd6 9. Bxc6+ bxc6 10. Qa4 Bd7 11. Qa5 Ng4 12. Nxg4 Bxg4 13. b3 O-O 14. Ba3
Qd8 15. Qxd8 Rfxd8 16. Bxe7 Bxd4 17. exd4 Re8 18. Kd2 Rxe7 19. Rhe1 Rae8 20.
Rxe7 Rxe7 21. Rc1 Kf8 22. f3 Bd7 23. Na4 Ke8 24. Nc5 Kd8 25. Na6 Kc8 26. h4 f6
27. Nb4 Kb7 28. Rc3 Kb6 29. Nd3 Bf5 30. Nc5 Bc8 31. Re3 Rxe3 32. Kxe3 Kc7 33.
Kf4 Kd6 34. g4 1/2-1/2

[Event "5. Open Memorial Pedro Lezcano 2012"]
[Site "Gran Canaria ESP"]
[Date "2012.04.06"]
[Round "6.5"]
[White "Joie, Sebastien"]
[Black "Reinaldo Castineira, Roi"]
[Result "1/2-1/2"]
[WhiteElo "2320"]
[BlackElo "2470"]
[PlyCount "98"]
[EventDate "2012.04.02"]
[EventType "swiss"]
[EventRounds "9"]
[EventCountry "ESP"]
[Source "lmi"]
[SourceDate "2012.04.02"]

1. Nf3 Nf6 2. g3 e6 3. Bg2 d5 4. c4 dxc4 5. O-O Nbd7 6. Qa4 a6 7. Ne5 c5 8.
Nxd7 Bxd7 9. Qxc4 b5 10. Qc2 Rc8 11. Nc3 Qb6 12. d3 Be7 13. Bf4 Bc6 14. Rac1
O-O 15. Rfd1 Bxg2 16. Kxg2 c4 17. dxc4 Rxc4 18. Qd3 Rfc8 19. Qf3 h6 20. b3 R4c6
21. Ne4 Nd5 22. Rxc6 Qxc6 23. Kg1 Ba3 24. g4 Qc2 25. Rd2 Qb1+ 26. Kg2 Bc1 27.
Rd1 Nxf4+ 28. Qxf4 Qc2 29. Rxc1 Qxc1 30. Qe5 Qc6 31. f3 Qd5 32. Qb2 f5 33. gxf5
exf5 34. Ng3 Rc6 35. h4 Rg6 36. h5 Rg5 37. e3 Qd6 38. f4 Qc6+ 39. Kh3 Rg4 40.
Qe2 g6 41. Qd3 Qf6 42. Qd5+ Kf8 43. Qa8+ Kg7 44. Qa7+ Qf7 45. Qxa6 Qf6 46. Qb7+
Kf8 47. Qb8+ Kg7 48. Qb7+ Kf8 49. Qb8+ Kg7 1/2-1/2

[Event "5. Open Memorial Pedro Lezcano 2012"]
[Site "Gran Canaria ESP"]
[Date "2012.04.06"]
[Round "6.6"]
[White "Recuero Guerra, David"]
[Black "Meneses Gonzalez, Kevin Moises"]
[Result "1-0"]
[WhiteElo "2467"]
[BlackElo "2248"]
[PlyCount "57"]
[EventDate "2012.04.02"]
[EventType "swiss"]
[EventRounds "9"]
[EventCountry "ESP"]
[Source "lmi"]
[SourceDate "2012.04.02"]

1. c4 Nf6 2. g3 g6 3. Bg2 Bg7 4. Nc3 O-O 5. Nf3 d6 6. O-O e5 7. d3 Nc6 8. Rb1
a5 9. a3 Nd4 10. Nd2 c6 11. e3 Ne6 12. Nf3 Nc5 13. b4 axb4 14. axb4 Nxd3 15.
Qxd3 e4 16. Nxe4 Nxe4 17. Bb2 Nf6 18. Rbd1 Be6 19. Ng5 d5 20. Nxe6 fxe6 21.
cxd5 cxd5 22. Qb5 Qe7 23. Rc1 Rac8 24. Bd4 Qf7 25. Bc5 Rfd8 26. Qb6 Qd7 27. Bd4
Re8 28. Rfd1 Qf7 29. h3 1-0

[Event "5. Open Memorial Pedro Lezcano 2012"]
[Site "Gran Canaria ESP"]
[Date "2012.04.06"]
[Round "6.7"]
[White "Larino Nieto, David"]
[Black "Pataki, Gyozo"]
[Result "1-0"]
[WhiteElo "2442"]
[BlackElo "2357"]
[PlyCount "71"]
[EventDate "2012.04.02"]
[EventType "swiss"]
[EventRounds "9"]
[EventCountry "ESP"]
[Source "lmi"]
[SourceDate "2012.04.02"]

1. e4 c5 2. Nc3 Nc6 3. g3 g6 4. Bg2 Bg7 5. d3 d6 6. f4 e6 7. Nf3 Nge7 8. O-O
O-O 9. Be3 b6 10. Bf2 Ba6 11. Qd2 Rc8 12. Rae1 Qd7 13. g4 f5 14. gxf5 exf5 15.
e5 dxe5 16. fxe5 Nd8 17. e6 Qe8 18. Bh4 Bb7 19. Ne5 Bxg2 20. Qxg2 Bf6 21. Bxf6
Rxf6 22. Nd7 Rxe6 23. Rxe6 Qxd7 24. Re3 Ndc6 25. Kh1 Rf8 26. Rfe1 Rf7 27. Re6
Nd4 28. R6e5 Kg7 29. Nd1 f4 30. Qe4 Nec6 31. c3 Nf5 32. Re6 Nce7 33. Nf2 Ne3
34. Qe5+ Kf8 35. Rf6 N7d5 36. Rd6 1-0

[Event "5. Open Memorial Pedro Lezcano 2012"]
[Site "Gran Canaria ESP"]
[Date "2012.04.06"]
[Round "6.8"]
[White "Fernandez Garcia, Jose Luis"]
[Black "Gutierrez Olivares, Daniel"]
[Result "1-0"]
[WhiteElo "2414"]
[BlackElo "2281"]
[PlyCount "65"]
[EventDate "2012.04.02"]
[EventType "swiss"]
[EventRounds "9"]
[EventCountry "ESP"]
[Source "lmi"]
[SourceDate "2012.04.02"]

1. e4 e6 2. d4 d5 3. Nc3 Nf6 4. Bg5 Be7 5. e5 Nfd7 6. Bxe7 Qxe7 7. f4 a6 8. Nf3
b6 9. Qd2 c5 10. Nd1 Nc6 11. c3 f5 12. Ne3 b5 13. Bd3 O-O 14. O-O Nb6 15. b3 c4
16. Be2 a5 17. Kh1 Ba6 18. bxc4 bxc4 19. Rfb1 Rab8 20. Bd1 Na7 21. Rb2 Rb7 22.
Bc2 Qd7 23. g4 fxg4 24. Nxg4 Kh8 25. Rab1 Nb5 26. Bxh7 Kxh7 27. Ng5+ Kg8 28.
Qc2 Rxf4 29. Nf6+ Rxf6 30. exf6 gxf6 31. Qg6+ Kf8 32. Qxf6+ Ke8 33. Re2 1-0

[Event "5. Open Memorial Pedro Lezcano 2012"]
[Site "Gran Canaria ESP"]
[Date "2012.04.06"]
[Round "6.9"]
[White "Strikovic, Aleksa"]
[Black "Sanchez Quintero, Raul"]
[Result "1-0"]
[WhiteElo "2559"]
[BlackElo "2084"]
[PlyCount "43"]
[EventDate "2012.04.02"]
[EventType "swiss"]
[EventRounds "9"]
[EventCountry "ESP"]
[Source "lmi"]
[SourceDate "2012.04.02"]

1. c4 e5 2. Nc3 Nf6 3. Nf3 Nc6 4. e3 d5 5. cxd5 Nxd5 6. Qc2 Nb6 7. Bb5 Bd6 8.
d4 O-O 9. Bxc6 exd4 10. Be4 dxc3 11. Bxh7+ Kh8 12. Bd3 cxb2 13. Bxb2 Nd5 14.
O-O Re8 15. Rfd1 Bg4 16. Be2 Bxf3 17. Bxf3 Nf6 18. Rd4 Kg8 19. Rad1 Rc8 20. Rh4
Qe7 21. Qf5 Be5 22. Qh3 1-0

[Event "5. Open Memorial Pedro Lezcano 2012"]
[Site "Gran Canaria ESP"]
[Date "2012.04.06"]
[Round "6.10"]
[White "De La Cruz Sanchez, Carlos G"]
[Black "Gergacz, Attila"]
[Result "1/2-1/2"]
[WhiteElo "2288"]
[BlackElo "2432"]
[PlyCount "118"]
[EventDate "2012.04.02"]
[EventType "swiss"]
[EventRounds "9"]
[EventCountry "ESP"]
[Source "lmi"]
[SourceDate "2012.04.02"]

1. e4 e6 2. d4 d5 3. Nd2 Nf6 4. Bd3 c5 5. c3 Nc6 6. Ngf3 cxd4 7. cxd4 Be7 8.
O-O O-O 9. e5 Nd7 10. Re1 f6 11. exf6 Nxf6 12. Nf1 Bd6 13. a3 a5 14. Bg5 a4 15.
Bh4 Qb6 16. Rb1 Bd7 17. Bg3 Na5 18. Ne5 Be8 19. Ng4 Bxg3 20. Nxg3 Nb3 21. Nxf6+
Rxf6 22. Ne2 Bh5 23. f3 Rc8 24. Kh1 Bg6 25. Bxg6 Rxg6 26. Qd3 Rc4 27. Rbd1 Rf6
28. Qe3 Rc2 29. Nf4 Na5 30. Nxe6 Nc4 31. Qd3 Qb3 32. Nc5 Qxd3 33. Rxd3 Rg6 34.
Rg1 Nxb2 35. Re3 b6 36. Nd7 Rd6 37. Re7 Rd2 38. Rge1 Rd1 39. Re8+ Kf7 40. Rf8+
Kg6 41. Ne5+ Kh5 42. Rg8 g5 43. Rxd1 Nxd1 44. g4+ Kh4 45. Rg7 h6 46. Rd7 Rxd7
47. Nxd7 b5 48. Nc5 h5 49. gxh5 Kxh5 50. Nd3 Ne3 51. Nb4 g4 52. Kg1 Nc4 53.
Nxd5 gxf3 54. Kf2 Nxa3 55. Nc3 Kg4 56. d5 b4 57. Nxa4 Nc4 58. h3+ Kf4 59. Nc5
Ne5 1/2-1/2

[Event "5. Open Memorial Pedro Lezcano 2012"]
[Site "Gran Canaria ESP"]
[Date "2012.04.06"]
[Round "6.11"]
[White "Bressac, Stephane"]
[Black "Cabrera Trujillo, Jorge"]
[Result "0-1"]
[WhiteElo "2243"]
[BlackElo "2357"]
[PlyCount "136"]
[EventDate "2012.04.02"]
[EventType "swiss"]
[EventRounds "9"]
[EventCountry "ESP"]
[Source "lmi"]
[SourceDate "2012.04.02"]

1. e4 c5 2. Nf3 d6 3. d4 cxd4 4. Qxd4 a6 5. Bc4 Nc6 6. Qd3 Nf6 7. Bg5 e6 8. Nc3
Be7 9. Bb3 O-O 10. O-O-O b5 11. Bxf6 Bxf6 12. Qxd6 Qxd6 13. Rxd6 Na5 14. Re1
Bb7 15. e5 Be7 16. Rd7 Bc5 17. Rd2 Rfd8 18. Red1 Rxd2 19. Rxd2 Kf8 20. Kd1 Ke7
21. Ke2 Rc8 22. g3 h6 23. Nd1 Bb6 24. Nd4 g5 25. Ne3 h5 26. c3 g4 27. Bd1 Bc7
28. f4 gxf3+ 29. Nxf3 Bb6 30. Nd4 Nc6 31. Nxc6+ Rxc6 32. Rd6 Rxd6 33. exd6+
Kxd6 34. Kd3 h4 35. gxh4 f5 36. h5 Ke5 37. Bb3 Kf6 38. h6 Bc8 39. a4 Kg6 40. h7
Kxh7 41. axb5 axb5 42. Bd1 Kg6 43. Bf3 Ba7 44. b4 Kg5 45. Ng2 e5 46. h4+ Kf6
47. Bd5 e4+ 48. Ke2 Ke5 49. c4 bxc4 50. Bxc4 f4 51. Ne1 Bg4+ 52. Kd2 f3 53. Nc2
Kf4 54. Bb3 e3+ 55. Nxe3 Bxe3+ 56. Kc3 Kg3 57. b5 Kxh4 58. Kd3 Bb6 59. Ke4 Kg3
60. Kd5 Bd7 61. Kd6 Be8 62. Ke7 Bg6 63. Kd6 Be4 64. Ke5 Bb7 65. Ke6 Kf2 66. Bc4
Ke1 67. Kd6 f2 68. Ke6 Bf3 0-1

[Event "5. Open Memorial Pedro Lezcano 2012"]
[Site "Gran Canaria ESP"]
[Date "2012.04.06"]
[Round "6.12"]
[White "Rodriguez Ferraz, Borja"]
[Black "Robin, Samy"]
[Result "0-1"]
[WhiteElo "2149"]
[BlackElo "2298"]
[PlyCount "64"]
[EventDate "2012.04.02"]
[EventType "swiss"]
[EventRounds "9"]
[EventCountry "ESP"]
[Source "lmi"]
[SourceDate "2012.04.02"]

1. d4 Nf6 2. c4 c5 3. d5 b5 4. cxb5 a6 5. b6 e6 6. Nc3 Nxd5 7. Nxd5 exd5 8.
Qxd5 Nc6 9. e4 Be7 10. Nf3 O-O 11. Bc4 Rb8 12. O-O Rxb6 13. e5 Bb7 14. Qd2 Nb4
15. a3 Bxf3 16. gxf3 Qa8 17. Qd1 d5 18. Bd3 Nxd3 19. Qxd3 c4 20. Qf5 d4 21. Kh1
Rb3 22. Kg2 Qd5 23. Qe4 Rd8 24. Rd1 d3 25. Qxd5 Rxd5 26. f4 Bc5 27. Ra2 Bd4 28.
Rd2 g6 29. Rd1 h5 30. Kf1 Kf8 31. Ke1 Ke7 32. Bd2 Bxb2 0-1

[Event "5. Open Memorial Pedro Lezcano 2012"]
[Site "Gran Canaria ESP"]
[Date "2012.04.06"]
[Round "6.13"]
[White "Valles, Manuel"]
[Black "Capote Robayna, Nathaniel"]
[Result "1-0"]
[WhiteElo "2260"]
[BlackElo "2054"]
[PlyCount "55"]
[EventDate "2012.04.02"]
[EventType "swiss"]
[EventRounds "9"]
[EventCountry "ESP"]
[Source "lmi"]
[SourceDate "2012.04.02"]

1. d4 Nf6 2. g3 c5 3. d5 b5 4. a4 Bb7 5. Bg2 a6 6. e4 e6 7. c4 bxc4 8. Nc3 exd5
9. exd5 d6 10. Nf3 Be7 11. O-O O-O 12. Nd2 Nbd7 13. Nxc4 Nb6 14. Na3 Qc7 15. a5
Nbd7 16. Nc4 Rab8 17. Bf4 Rfd8 18. Re1 Nf8 19. Re2 h6 20. Qc2 Ng6 21. Rae1 Bf8
22. Bd2 Ne7 23. Qd3 Bc8 24. Nb6 Bg4 25. f3 Bc8 26. Qc4 Nd7 27. Rxe7 Nxb6 28.
axb6 1-0

[Event "5. Open Memorial Pedro Lezcano 2012"]
[Site "Gran Canaria ESP"]
[Date "2012.04.06"]
[Round "6.14"]
[White "Gonzalez Diaz, Julio"]
[Black "Nortes Hernandez, Pedro"]
[Result "1-0"]
[WhiteElo "2232"]
[BlackElo "2048"]
[PlyCount "53"]
[EventDate "2012.04.02"]
[EventType "swiss"]
[EventRounds "9"]
[EventCountry "ESP"]
[Source "lmi"]
[SourceDate "2012.04.02"]

1. c4 c5 2. Nf3 Nc6 3. g3 g6 4. d4 cxd4 5. Nxd4 Bg7 6. Nc2 Nf6 7. Bg2 O-O 8.
Nc3 d6 9. O-O Bd7 10. b3 a6 11. Bb2 Qc7 12. Rc1 e6 13. Qd2 Rfd8 14. Rfd1 Be8
15. Ba3 Bf8 16. Qf4 Be7 17. c5 Nh5 18. cxd6 Nxf4 19. dxc7 Rxd1+ 20. Rxd1 Nxg2
21. Bxe7 Nxe7 22. Rd8 Rc8 23. Ne4 Kh8 24. Nd6 Rxc7 25. Rxe8+ Ng8 26. Nc4 b5 27.
N4a3 1-0

[Event "5. Open Memorial Pedro Lezcano 2012"]
[Site "Gran Canaria ESP"]
[Date "2012.04.06"]
[Round "6.15"]
[White "Herrera Reyes, Jose Antonio"]
[Black "Garcia Rodriguez, Sara"]
[Result "1-0"]
[WhiteElo "2220"]
[BlackElo "2011"]
[PlyCount "125"]
[EventDate "2012.04.02"]
[EventType "swiss"]
[EventRounds "9"]
[EventCountry "ESP"]
[Source "lmi"]
[SourceDate "2012.04.02"]

1. e4 c5 2. c3 d5 3. exd5 Qxd5 4. Nf3 Bg4 5. Be2 Nf6 6. Na3 e6 7. d4 cxd4 8.
Nb5 Bd6 9. Qxd4 Qxd4 10. Nfxd4 Ke7 11. Nxd6 Kxd6 12. Nb5+ Kc6 13. f3 Bh5 14.
Bf4 Nd5 15. Be5 f6 16. Bg3 e5 17. O-O a6 18. a4 Nd7 19. Rfd1 N7b6 20. c4 axb5
21. cxd5+ Kd6 22. a5 Nc4 23. Be1 e4 24. Bb4+ Kd7 25. g4 Bg6 26. fxe4 Bxe4 27.
Rd4 Rhe8 28. Re1 f5 29. Rxc4 bxc4 30. Bxc4 Kc7 31. Bb5 Re5 32. d6+ Kd8 33. gxf5
Rxb5 34. Rxe4 Rxf5 35. Re7 Rg5+ 36. Kf2 Ra7 37. h4 Rb5 38. Bc3 Rd5 39. Rxg7
Rxd6 40. Rxh7 Kc8 41. Kf3 Raa6 42. Kf4 Rd5 43. h5 Rc6 44. Be5 Rxa5 45. h6 Raa6
46. Rh8+ Kd7 47. h7 Rh6 48. Rb8 Kc6 49. h8=Q Rxh8 50. Rxh8 Kc5 51. Rc8+ Kb4 52.
Ke4 b5 53. Bc3+ Kb3 54. Rb8 Kc4 55. Rc8+ Kb3 56. Kd5 b4 57. Rb8 Ra4 58. Kc5
Ra5+ 59. Kd4 Ra4 60. Kd3 Ka2 61. Kc2 bxc3 62. bxc3 Rh4 63. Ra8+ 1-0

[Event "5. Open Memorial Pedro Lezcano 2012"]
[Site "Gran Canaria ESP"]
[Date "2012.04.06"]
[Round "6.16"]
[White "Garcia Blanco, Omar"]
[Black "De La Hoz Sanchez, Ruben"]
[Result "1/2-1/2"]
[WhiteElo "2205"]
[BlackElo "1961"]
[PlyCount "127"]
[EventDate "2012.04.02"]
[EventType "swiss"]
[EventRounds "9"]
[EventCountry "ESP"]
[Source "lmi"]
[SourceDate "2012.04.02"]

1. e4 e5 2. Nf3 Nf6 3. Nxe5 d6 4. Nf3 Nxe4 5. Nc3 Nxc3 6. dxc3 Nd7 7. Bf4 Be7
8. Qd2 Nc5 9. O-O-O Be6 10. Nd4 Qd7 11. Kb1 O-O-O 12. Bd3 Nxd3 13. Qxd3 Bf6 14.
Rhe1 Bg4 15. f3 Bh5 16. Qc4 Kb8 17. Re2 Rhe8 18. Red2 Bg6 19. Nb5 Qc6 20. Qb3
Qb6 21. Qa4 Be5 22. Bg5 f6 23. Bh4 a6 24. Nd4 Bxd4 25. cxd4 Qb5 26. Qxb5 axb5
27. b3 d5 28. Kb2 c6 29. Ra1 Re7 30. Bg3+ Kc8 31. a4 bxa4 32. Rxa4 Rde8 33. Kc1
b6 34. c4 Kb7 35. Rda2 Kc8 36. Ra8+ Kd7 37. R8a6 dxc4 38. bxc4 Bd3 39. Rxb6 Rc8
40. c5 Ke6 41. Ra3 Bf1 42. Re3+ Kf7 43. Rxe7+ Kxe7 44. Rb7+ Ke6 45. Rxg7 Bxg2
46. Rxh7 Bxf3 47. Rh4 f5 48. Be5 Kd5 49. Rf4 Bg4 50. Rf2 Ke4 51. Rf4+ Kd5 52.
Kd2 Ra8 53. h4 Ra2+ 54. Kc3 Ra1 55. Kb2 Rh1 56. Bf6 Rh3 57. Kc2 Kc4 58. Rf2 Ra3
59. Kb2 Rb3+ 60. Ka2 Rh3 61. Kb2 Rb3+ 62. Kc1 Rh3 63. Kd2 Rd3+ 64. Kc1 1/2-1/2

[Event "5. Open Memorial Pedro Lezcano 2012"]
[Site "Gran Canaria ESP"]
[Date "2012.04.06"]
[Round "6.17"]
[White "Mayor Gonzalez, Julio"]
[Black "Illijin, Neboisa"]
[Result "0-1"]
[WhiteElo "1943"]
[BlackElo "2191"]
[PlyCount "136"]
[EventDate "2012.04.02"]
[EventType "swiss"]
[EventRounds "9"]
[EventCountry "ESP"]
[Source "lmi"]
[SourceDate "2012.04.02"]

1. d4 Nf6 2. Nf3 e6 3. e3 c5 4. c3 b6 5. Bd3 Bb7 6. Nbd2 Be7 7. O-O Nc6 8. a3
Rc8 9. Qe2 O-O 10. e4 cxd4 11. cxd4 d6 12. b4 e5 13. d5 Nb8 14. Nc4 Nbd7 15.
Bd2 g6 16. Ne3 Nh5 17. g3 Ng7 18. g4 Nf6 19. h3 Rc7 20. Rac1 h5 21. Rxc7 Qxc7
22. Rc1 Qd7 23. Ng5 Rc8 24. Rxc8+ Qxc8 25. Qf3 Qe8 26. b5 Nd7 27. Nc2 Nc5 28.
Bc4 Bc8 29. Nb4 f6 30. Ne6 Ncxe6 31. dxe6 Bxe6 32. Nd5 Bxd5 33. Bxd5+ Kh7 34.
Bc6 Qc8 35. Kg2 h4 36. Qe3 g5 37. Qb3 Ne6 38. Kh2 Kg7 39. Be3 Nc7 40. a4 Qe6
41. Qxe6 Nxe6 42. a5 Bd8 43. a6 Kf8 44. Kg2 Ke7 45. Kf1 Bc7 46. Bd5 Bb8 47. f3
Nc7 48. Bc6 d5 49. Bc1 d4 50. Ke2 Ne6 51. Kd3 Bd6 52. Kc4 Bc5 53. Kd5 Nc7+ 54.
Kc4 Kd6 55. Kb3 Nxa6 56. Bd5 Nc7 57. Bc4 Kd7 58. Ka4 Kc8 59. Bd3 Kb7 60. Bd2 a6
61. bxa6+ Nxa6 62. Kb5 Nc7+ 63. Kc4 Kc6 64. Bc2 b5+ 65. Kd3 Kb6 66. Bb3 Na6 67.
Kc2 Bb4 68. Bc1 Nc5 0-1

[Event "5. Open Memorial Pedro Lezcano 2012"]
[Site "Gran Canaria ESP"]
[Date "2012.04.06"]
[Round "6.18"]
[White "Leon Varela, Luis"]
[Black "Perez Barreto, Adrian"]
[Result "1/2-1/2"]
[WhiteElo "2190"]
[BlackElo "1956"]
[PlyCount "76"]
[EventDate "2012.04.02"]
[EventType "swiss"]
[EventRounds "9"]
[EventCountry "ESP"]
[Source "lmi"]
[SourceDate "2012.04.02"]

1. d4 Nf6 2. c4 g6 3. Nc3 Bg7 4. e4 d6 5. f3 O-O 6. Bg5 c5 7. d5 h6 8. Be3 e6
9. Qd2 exd5 10. cxd5 h5 11. Bg5 a6 12. a4 Re8 13. Nge2 Nbd7 14. Ng3 Qa5 15. Be2
b5 16. O-O b4 17. Nd1 Nh7 18. Bh6 Bd4+ 19. Be3 Bg7 20. Bh6 Bd4+ 21. Be3 Bh8 22.
Nf2 Nhf6 23. Nd3 h4 24. Nh1 Nxd5 25. Bg5 N5b6 26. Bxh4 Nc4 27. Qc1 Ne3 28. Re1
b3 29. Bd1 Nxd1 30. Rxd1 Ne5 31. Nxe5 Bxe5 32. Bg3 Be6 33. Rxd6 Bxd6 34. Bxd6
c4 35. Qf4 f6 36. Qxf6 Qb6+ 37. Nf2 Qxd6 38. Qxg6+ Kh8 1/2-1/2

[Event "5. Open Memorial Pedro Lezcano 2012"]
[Site "Gran Canaria ESP"]
[Date "2012.04.06"]
[Round "6.19"]
[White "Rodriguez Lorenzo, Yadira"]
[Black "Martin Hernandez, Ruben"]
[Result "0-1"]
[WhiteElo "2042"]
[BlackElo "2182"]
[PlyCount "94"]
[EventDate "2012.04.02"]
[EventType "swiss"]
[EventRounds "9"]
[EventCountry "ESP"]
[Source "lmi"]
[SourceDate "2012.04.02"]

1. e4 c5 2. Nf3 e6 3. d4 cxd4 4. Nxd4 Nc6 5. Nc3 Qc7 6. Be2 a6 7. Be3 Nf6 8.
Nb3 b5 9. a3 Be7 10. O-O d6 11. f4 Bb7 12. Bf3 O-O 13. Qe1 b4 14. axb4 Nxb4 15.
Qf2 d5 16. e5 Ne4 17. Bxe4 dxe4 18. Nc5 Nxc2 19. N3xe4 Nxa1 20. Rxa1 Bxe4 21.
Nxe4 Qc4 22. Nd6 Qb3 23. Bc5 Rfb8 24. Ba3 Qb6 25. Qxb6 Rxb6 26. Rc1 Bd8 27. Re1
Rbb8 28. h3 Bb6+ 29. Kh2 Bd4 30. Re2 Rb3 31. f5 Re3 32. Rxe3 Bxe3 33. fxe6 fxe6
34. Kg3 Bd4 35. Kf4 Rb8 36. Nc4 Rc8 37. b3 Rb8 38. Ke4 Ba1 39. Na5 Bc3 40. Nc6
Rxb3 41. Bd6 Rb1 42. Nd8 Re1+ 43. Kf4 Bxe5+ 44. Bxe5 g5+ 45. Kxg5 Rxe5+ 46. Kf6
Re2 47. g4 a5 0-1